00357nam a22001217a 4500008004100000020001500041050002000056100001700076245004300093260005300136300002700189500001900216170322b xxu||||| |||| 00| 0 eng d a0973116625 aQM 25 .C65 2004 aEasteal, Ron aA collection of human anatomy images / aCampus Bookstore, :bQueens university ,c2004 . aVarious pagingbill, ; aincludes index